000 00717nam a2200229Ia 4500
003 OSt
005 20220925232633.0
006 a|||||r|||| 00| 0
007 ta
008 220923b |||||||| |||| 00| 0 eng d
037 _cGeneral Book
040 _aRTL
_cRTL
_beng
041 _2eng
_aeng
082 _aX9(J481).2.N70<N66r, L0
110 _aCOFFEE BOARD RESEARCH (Department of-)
_9297545
245 0 _a20th annual detailed technical report,1966-67.
260 _aMysore
_bCentral Coffee Research Institute
_c1967
300 _av.p.
_ccm.
700 _aCOFFEE BOARD RESEARCH (Department of-)
_9297546
942 _hX9(J481).2.N70<N66r, L0
_cGB
_2CC
999 _c591743
_d591743